I love owls / (Record no. 8619)

MARC details
000 -LEADER
fixed length control field 01157nam a22002897a 4500
001 - CONTROL NUMBER
control field 8619
003 - CONTROL NUMBER IDENTIFIER
control field FISKH
005 - DATE AND TIME OF LATEST TRANSACTION
control field 20251009162519.0
008 - FIXED-LENGTH DATA ELEMENTS--GENERAL INFORMATION
fixed length control field 251006b cb ||||| |||| 00| 0 eng d
020 ## - INTERNATIONAL STANDARD BOOK NUMBER
International Standard Book Number 9781842368237
040 ## - CATALOGING SOURCE
Original cataloging agency FISKH
Language of cataloging eng
Transcribing agency FISKH
Modifying agency FISKH
050 ## - LIBRARY OF CONGRESS CALL NUMBER
Classification number QL696.S8 P37
082 ## - DEWEY DECIMAL CLASSIFICATION NUMBER
Classification number 598.9
100 ## - MAIN ENTRY--PERSONAL NAME
Personal name Parker, Steve
Relator term Author
245 ## - TITLE STATEMENT
Title I love owls /
Statement of responsibility, etc. By Steve Parker ; illustrated by Andrea Morandi
260 ## - PUBLICATION, DISTRIBUTION, ETC.
Place of publication, distribution, etc. Bardfield :
Name of publisher, distributor, etc. Miles Kelly ,
Date of publication, distribution, etc. 2007
300 ## - PHYSICAL DESCRIPTION
Extent 24 pages :
Other physical details color illustrations ;
Dimensions 24 cm
505 ## - FORMATTED CONTENTS NOTE
Formatted contents note E<br/>
520 ## - SUMMARY, ETC.
Summary, etc. These nocturnal feathered friends are known for their telltale hoot and their somewhat creepy ability to turn their heads almost all the way around. But there are many different kinds of owls that readers will love to learn about. This book introduces intriguing owls through beautiful and detailed illustrations and uncomplicated yet fascinating text.
521 8# - TARGET AUDIENCE NOTE
Target audience note 200<br/>
Source Lexile estimate <br/>
521 8# - TARGET AUDIENCE NOTE
Target audience note E<br/>
Source Raz-Plus<br/>
650 ## - SUBJECT ADDED ENTRY--TOPICAL TERM
Topical term or geographic name entry element Birds and insects
Form subdivision Non-fiction
650 ## - SUBJECT ADDED ENTRY--TOPICAL TERM
Topical term or geographic name entry element Bugs
Form subdivision Children's
700 ## - ADDED ENTRY--PERSONAL NAME
Personal name Morandi, Andrea
Relator term Illustrator
942 ## - ADDED ENTRY ELEMENTS (KOHA)
Source of classification or shelving scheme Dewey Decimal Classification
Koha item type Books
Suppress in OPAC No
Holdings
Withdrawn status Lost status Source of classification or shelving scheme Damaged status Not for loan Home library Current library Shelving location Date acquired Total Checkouts Full call number Barcode Date last seen Copy number Price effective from Koha item type
    Dewey Decimal Classification     Footprints International School Library Network Toul Tom Poung Campus Footprints International School Library Network Toul Tom Poung Campus TTP Primary Green Bookshelves 10/06/2025   PAR 598.9 QL696.S8 P37 FISBK05603 10/06/2025 1 10/06/2025 Books